00554 2200205 4500001002100000005001700021008004100038020001800079035002400097090001500121100002000136245005600156260002800212300002900240650002300269850001500292980001300307986001300320999001500333YOGYA-0209000001684420090227022707.0 ind  a979-428-104-2 0010-020900000016844 a598bIsk J aISKANDAR, Johan aJenis burung yang umum di IndonesiacJohan Iskandar aJakartabJambatanc1989 axv, 116 hlmbilusc21 cm aBurung - Indonesia aYOPDYOG(B) a02-12-05 afwhRTREV aP000029734